000
00230 a2200097 4500
001
17954
100
_a
Marion, J B
245
_a
Comparative studies & Edu decision
260
_a
_b
Methuen Educational Ltd
_c
090
_c
13260
_d
13260
942
_a
NUST-CAE
_c
M
_c
3626
999
_c
253027
_d
253027